[Event "O Pohár mìsta Øíèany 2015 - OPEN A"]
[Site "Øíèany"]
[Date "2015.08.22"]
[Round "1.1"]
[White "Plat, Vojtech"]
[Black "Kovar, Jan"]
[Result "1-0"]
[WhiteElo "2451"]
[BlackElo "1930"]
[PlyCount "0"]
[EventDate "2015.08.22"]

1. e4 e6 2. d4 d5 3. Nd2 c5 4. exd5 Qxd5 5. Ngf3 cxd4 6. Bc4 Qd6 7. O-O Nf6
8. Nb3 Nc6 9. Nbxd4 Nxd4 10. Nxd4 a6 11. c3 Qc7 12. Bb3 Bd6 13. h3 O-O 14. Bg5
Bf4 15. Bxf4 Qxf4 16. Qe2 b6 17. Rad1 Qe4 18. Qxe4 Nxe4 19. Rfe1 Bb7 20. Ba4 Nc5
21. Bc6 Rfd8 22. b4 Bxc6 23. Nxc6 Rxd1 24. Rxd1 Ne4 25. c4 Kf8 26. Ne5 Nf6
27. Rd6 Rb8 28. Rd7 a5 29. Rxf7+ Kg8 30. b5 Rd8 31. Rb7 1-0

[Event "O Pohár mìsta Øíèany 2015 - OPEN A"]
[Site "Øíèany"]
[Date "2015.08.22"]
[Round "1.2"]
[White "Pribyl, Jaroslav"]
[Black "Vojta, Tomas"]
[Result "0-1"]
[WhiteElo "1928"]
[BlackElo "2387"]
[PlyCount "0"]
[EventDate "2015.08.22"]

1. d4 d5 2. Nf3 Nc6 3. Bf4 Bg4 4. Ne5 Nxe5 5. Bxe5 e6 6. Qd2 f6 7. Bg3 Bd6
8. Bxd6 Qxd6 9. e3 O-O-O 10. c4 dxc4 11. Bxc4 Qc6 12. Bf1 e5 13. f3 Bf5 14. Nc3
exd4 15. exd4 Ne7 16. Nb5 Qb6 17. a4 a6 18. Nc3 Rxd4 19. Qe3 Re4 0-1

[Event "O Pohár mìsta Øíèany 2015 - OPEN A"]
[Site "Øíèany"]
[Date "2015.08.22"]
[Round "1.3"]
[White "Vesselovsky, Serguei"]
[Black "Hadrava, Jaroslav"]
[Result "1-0"]
[WhiteElo "2348"]
[BlackElo "1927"]
[PlyCount "0"]
[EventDate "2015.08.22"]

1. e4 {[%clk 1:30:51]} e5 {[%clk 1:30:03]} 2. Nf3 {[%clk 1:30:59]} Nc6
{[%clk 1:30:26]} 3. Bb5 {[%clk 1:31:13]} Nf6 {[%clk 1:30:36]} 4. O-O
{[%clk 1:28:52]} Nxe4 {[%clk 1:30:52]} 5. Re1 {[%clk 1:25:07]} Nd6
{[%clk 1:31:08]} 6. Nxe5 {[%clk 1:25:24]} Be7 {[%clk 1:31:26]} 7. Bf1
{[%clk 1:25:09]} Nxe5 {[%clk 1:29:02]} 8. Rxe5 {[%clk 1:25:35]} O-O
{[%clk 1:29:24]} 9. d4 {[%clk 1:25:38]} Bf6 {[%clk 1:28:42]} 10. Re1
{[%clk 1:25:53]} Re8 {[%clk 1:27:03]} 11. Rxe8+ {[%clk 1:19:30]} Nxe8
{[%clk 1:23:37]} 12. c3 {[%clk 1:08:58]} d5 {[%clk 1:22:23]} 13. Bd3
{[%clk 1:08:31]} Nd6 {[%clk 1:19:41]} 14. Qh5 {[%clk 0:50:20]} g6
{[%clk 1:18:35]} 15. Qxd5 {[%clk 0:49:56]} Be6 {[%clk 1:11:47]} 16. Qf3
{[%clk 0:49:11]} c6 {[%clk 1:12:08]} 17. Bf4 {[%clk 0:42:55]} Bg5
{[%clk 0:58:29]} 18. Nd2 {[%clk 0:39:53]} Bxf4 {[%clk 0:48:14]} 19. Qxf4
{[%clk 0:40:17]} Qd7 {[%clk 0:48:24]} 20. a3 {[%clk 0:37:41]} Re8
{[%clk 0:40:33]} 21. f3 {[%clk 0:27:59]} f5 {[%clk 0:34:23]} 22. Re1
{[%clk 0:26:42]} b5 {[%clk 0:34:00]} 23. h4 {[%clk 0:23:09]} Bc4 {[%clk 0:32:12]}
24. Bxc4+ {[%clk 0:12:43]} Nxc4 {[%clk 0:29:01]} 25. Rxe8+ {[%clk 0:12:54]} Qxe8
{[%clk 0:29:25]} 26. Nxc4 {[%clk 0:13:10]} bxc4 {[%clk 0:28:51]} 27. Qe5
{[%clk 0:09:42]} Qd8 {[%clk 0:22:31]} 28. Qe6+ {[%clk 0:07:12]} Kg7
{[%clk 0:22:34]} 29. Qxc6 {[%clk 0:04:48]} Qxh4 {[%clk 0:22:45]} 30. Qc7+
{[%clk 0:04:29]} Kf8 {[%clk 0:22:36]} 31. Qc5+ {[%clk 0:03:51]} Ke8
{[%clk 0:21:56]} 32. Qe5+ {[%clk 0:03:32]} Kd7 {[%clk 0:12:26]} 33. d5
{[%clk 0:02:54]} Qe7 {[%clk 0:09:45]} 34. Qd4 {[%clk 0:02:20]} Qe1+
{[%clk 0:08:40]} 35. Kh2 {[%clk 0:02:48]} Kd6 {[%clk 0:08:50]} 36. Qxc4
{[%clk 0:02:47]} Qe5+ {[%clk 0:04:07]} 37. f4 {[%clk 0:02:37]} Qxd5
{[%clk 0:03:43]} 38. Qa6+ {[%clk 0:02:34]} Ke7 {[%clk 0:02:51]} 39. Qxa7+
{[%clk 0:02:55]} Kf8 {[%clk 0:03:11]} 40. Qxh7 {[%clk 0:02:47]} Qd2
{[%clk 0:03:26]} 41. Qxg6 {[%clk 0:02:06]} Qxf4+ {[%clk 0:03:33]} 42. Kh3
{[%clk 0:02:05]} Qe3+ {[%clk 0:03:46]} 43. Kh2 {[%clk 0:01:22]} Qf4+
{[%clk 0:04:05]} 44. Qg3 {[%clk 0:01:03]} Qh6+ {[%clk 0:04:23]} 45. Qh3
{[%clk 0:01:10]} Qf4+ {[%clk 0:04:46]} 46. g3 {[%clk 0:01:10]} Qd2+
{[%clk 0:05:04]} 47. Qg2 {[%clk 0:01:26]} Qh6+ {[%clk 0:05:29]} 48. Kg1
{[%clk 0:01:34]} Qc1+ {[%clk 0:05:49]} 49. Qf1 {[%clk 0:01:48]} Qe3+
{[%clk 0:05:46]} 50. Qf2 {[%clk 0:02:08]} Qe4 {[%clk 0:05:49]} 51. c4
{[%clk 0:01:30]} Kf7 {[%clk 0:05:51]} 52. c5 {[%clk 0:01:28]} Kg6
{[%clk 0:05:53]} 53. b4 {[%clk 0:01:21]} Qb1+ {[%clk 0:06:17]} 54. Kh2
{[%clk 0:01:22]} Qc1 {[%clk 0:06:36]} 55. a4 {[%clk 0:01:02]} Qc4
{[%clk 0:06:39]} 56. Qd2 {[%clk 0:00:59]} Kf7 {[%clk 0:05:22]} 57. Qd7+
{[%clk 0:01:03]} Kf6 {[%clk 0:05:28]} 58. Qd6+ {[%clk 0:01:23]} Kf7
{[%clk 0:05:44]} 59. Qd2 {[%clk 0:00:59]} Kg6 {[%clk 0:05:46]} 60. a5
{[%clk 0:00:56]} Kf7 {[%clk 0:05:44]} 61. a6 {[%clk 0:01:00]} Qxa6
{[%clk 0:05:17]} 62. Qd7+ {[%clk 0:01:23]} Kg8 {[%clk 0:04:57]} 63. Qxf5
{[%clk 0:01:42]} Qh6+ {[%clk 0:04:38]} 64. Kg2 {[%clk 0:01:59]} Qd2+
{[%clk 0:05:03]} 65. Kh3 {[%clk 0:02:22]} Qxb4 {[%clk 0:04:50]} 66. Qg4+ 1-0

[Event "O Pohár mìsta Øíèany 2015 - OPEN A"]
[Site "Øíèany"]
[Date "2015.08.22"]
[Round "1.4"]
[White "Macho, Miloslav"]
[Black "Mejzlik, Ondrej"]
[Result "0-1"]
[WhiteElo "1922"]
[BlackElo "2312"]
[PlyCount "0"]
[EventDate "2015.08.22"]

1. g3 d5 2. Bg2 Nf6 3. c4 c6 4. b3 dxc4 5. bxc4 Qd4 6. Nc3 Qxc4 7. Nf3 e6
8. O-O Nbd7 9. Bb2 Be7 10. d3 Qb4 11. Rb1 O-O 12. d4 Nd5 13. Qd3 N7b6 14. a3 Qc4
15. Nxd5 cxd5 16. Rfc1 Qxd3 17. exd3 Bd6 18. Rc2 Bd7 19. Ne5 Ba4 20. Rc3 Rac8
21. Rbc1 Bb5 22. Bf1 a6 23. Rxc8 Rxc8 24. Rxc8+ Nxc8 25. Be2 Ba4 26. Kf1 Na7
27. Ke1 f6 28. Bg4 fxe5 29. Bxe6+ Kf8 30. dxe5 Be7 31. Bxd5 Bc6 32. Bb3 Nb5
33. a4 Bb4+ 34. Kf1 Nc3 35. e6 Nxa4 36. Be5 Nc5 37. Bd6+ Ke8 38. Bc2 Nxd3
39. Bxb4 Nxb4 40. Bxh7 Ke7 41. Bf5 a5 42. h4 a4 43. h5 a3 0-1

[Event "O Pohár mìsta Øíèany 2015 - OPEN A"]
[Site "Øíèany"]
[Date "2015.08.22"]
[Round "1.5"]
[White "Svatos, Jan"]
[Black "Vavrinec, Tomas"]
[Result "1-0"]
[WhiteElo "2285"]
[BlackElo "1918"]
[PlyCount "0"]
[EventDate "2015.08.22"]

1. d4 Nf6 2. Nf3 c5 3. d5 e6 4. c4 exd5 5. cxd5 d6 6. Nc3 g6 7. Bf4 Na6 8. e4
Nc7 9. Nd2 a6 10. a4 Bd7 11. Nc4 Bc8 12. Be2 Rb8 13. e5 dxe5 14. Bxe5 Bg7 15. d6
Ne6 16. d7+ Bxd7 17. Bxb8 Qxb8 18. Qd6 Qxd6 19. Nxd6+ Ke7 20. Nxb7 Bc6 21. Na5
Bxg2 22. Rg1 Nf4 23. O-O-O N6d5 24. Nxd5+ Bxd5 25. Bxa6 Ra8 26. Rge1+ Kf6
27. Bb7 Bxb7 28. Nxb7 Rxa4 29. Rd6+ Kf5 30. Re7 Bd4 31. f3 Nd3+ 32. Kc2 Ne5
33. Rb6 Rc4+ 34. Kb1 Kf4 35. Nd6 Ra4 36. Nxf7 Nxf3 37. Nd8 Nxh2 38. Ne6+ Kf5
39. Rf7+ Ke5 40. Nxd4 cxd4 41. Rxh7 Ng4 42. b3 Ra8 43. Re7+ Kf4 44. Rxg6 Ne3
45. Rf6+ Nf5 46. Ref7 Ra5 47. b4 Rb5 48. Kc2 Kg5 49. Kd3 Nh6 50. Rxh6 Kxh6
51. Kc4 Rb8 52. b5 Rd8 53. Rf3 Kg5 54. Rd3 Kf5 55. Rxd4 Rc8+ 56. Kb4 1-0

[Event "O Pohár mìsta Øíèany 2015 - OPEN A"]
[Site "Øíèany"]
[Date "2015.08.22"]
[Round "1.6"]
[White "Franek, Jan"]
[Black "Gregor, Jiri"]
[Result "1/2-1/2"]
[WhiteElo "1914"]
[BlackElo "2242"]
[PlyCount "0"]
[EventDate "2015.08.22"]

1. e4 c6 2. Nc3 d5 3. Nf3 Nf6 4. e5 Ne4 5. d4 Nxc3 6. bxc3 e6 7. Bd3 Be7 8. O-O
b6 9. Ne1 Ba6 10. f4 Bxd3 11. Qxd3 g6 12. g4 c5 13. f5 gxf5 14. gxf5 cxd4
15. cxd4 Nc6 16. c3 Qc7 17. Qh3 Kd7 18. Nd3 Rag8+ 19. Kh1 Nd8 20. a4 Kc8 21. Nf4
Qd7 22. f6 Bf8 23. a5 b5 24. a6 Kc7 25. Bd2 Qc6 26. Rab1 h5 27. Qd3 1/2-1/2

[Event "O Pohár mìsta Øíèany 2015 - OPEN A"]
[Site "Øíèany"]
[Date "2015.08.22"]
[Round "1.7"]
[White "Moravec, Vit"]
[Black "Tejkal, Jiri"]
[Result "1-0"]
[WhiteElo "2209"]
[BlackElo "1909"]
[PlyCount "0"]
[EventDate "2015.08.22"]

1. e4 c6 2. d4 d5 3. Nc3 dxe4 4. Nxe4 Bf5 5. Ng3 Bg6 6. h4 h6 7. h5 Bh7 8. Nf3
Nd7 9. Bd3 Bxd3 10. Qxd3 e6 11. Bf4 Qa5+ 12. Bd2 Qc7 13. O-O-O Ngf6 14. Qe2
O-O-O 15. Ne5 Nxe5 16. dxe5 Nd5 17. c4 Nb4 18. Kb1 c5 19. Bxb4 cxb4 20. Rxd8+
Qxd8 21. Ne4 Qc7 22. f4 Be7 23. c5 Qc6 24. Rc1 Kb8 25. Nd6 Rf8 26. Qc4 g5 27. f5
Bxd6 28. exd6 exf5 29. Re1 Re8 30. Re7 Rd8 31. Qxb4 Qxg2 32. Qa5 Rf8 33. d7 Qf1+
34. Kc2 Qc4+ 35. Kd2 Qd4+ 36. Ke1 Qh4+ 37. Ke2 Qc4+ 38. Kf2 Qf4+ 39. Ke1 Qh4+
40. Kd1 Qd4+ 41. Kc2 Qc4+ 42. Kd2 Qd4+ 43. Ke2 Qg4+ 44. Ke3 Qg3+ 45. Kd2 Qf2+
46. Kc3 Qf3+ 47. Kb4 Qf4+ 48. Ka3 1-0

[Event "O Pohár mìsta Øíèany 2015 - OPEN A"]
[Site "Øíèany"]
[Date "2015.08.22"]
[Round "1.8"]
[White "Martinec, Karel"]
[Black "Hollan, Martin"]
[Result "0-1"]
[WhiteElo "1897"]
[BlackElo "2180"]
[PlyCount "0"]
[EventDate "2015.08.22"]

1. Nf3 e6 2. d4 f5 3. c4 Nf6 4. Nc3 Bb4 5. Bd2 O-O 6. g3 b6 7. Bg2 Bb7 8. O-O
d6 9. Qb3 Bxc3 10. Bxc3 Nbd7 11. Ng5 Bxg2 12. Nxe6 Qe7 13. Nxf8 Bxf1 14. Nxd7
Bxe2 15. Nxf6+ Qxf6 16. d5 Qe7 17. Qc2 f4 18. gxf4 Bxc4 19. Re1 Qf7 20. Re3 Re8
21. Rxe8+ Qxe8 22. Qf5 Bxa2 23. Kh1 h6 24. h4 Qf7 25. Qc8+ Kh7 26. f5 Bxd5+
27. Kg1 Qh5 28. Qxc7 Qd1+ 29. Kh2 Qh1+ 0-1

[Event "O Pohár mìsta Øíèany 2015 - OPEN A"]
[Site "Øíèany"]
[Date "2015.08.22"]
[Round "1.10"]
[White "Zizka, Petr"]
[Black "Jelinek, Michal"]
[Result "0-1"]
[WhiteElo "1886"]
[BlackElo "2178"]
[PlyCount "0"]
[EventDate "2015.08.22"]

1. b3 d5 2. Bb2 e6 3. e3 Nf6 4. f4 c5 5. Nf3 Nc6 6. Bb5 Bd6 7. Bxc6+ bxc6
8. Ne5 Qc7 9. d3 O-O 10. Nd2 Nd7 11. Nxd7 Bxd7 12. Nf3 f6 13. Qd2 e5 14. fxe5
fxe5 15. O-O-O Rf6 16. Kb1 Bg4 17. Rdg1 Bxf3 18. gxf3 Rxf3 19. Rg2 Raf8 20. Bc1
Rf1 21. Rxf1 Rxf1 22. Qe2 Qf7 23. Kb2 c4 24. dxc4 Qf8 25. c5 Bxc5 26. Qa6 Re1
27. Bd2 Ba3+ 28. Qxa3 Rb1+ 29. Kxb1 Qxa3 30. Bc3 Qe7 31. Kb2 Kf7 32. Bd2 Ke6
33. c3 Qf7 34. Rg4 Qf2 35. Kc1 Qf1+ 0-1

[Event "O Pohár mìsta Øíèany 2015 - OPEN A"]
[Site "Øíèany"]
[Date "2015.08.22"]
[Round "1.11"]
[White "Starek, Stanislav"]
[Black "Tvrdy, Jindrich"]
[Result "1-0"]
[WhiteElo "2165"]
[BlackElo "1885"]
[PlyCount "0"]
[EventDate "2015.08.22"]

1. d4 Nf6 2. Nf3 d6 3. Nc3 g6 4. Bf4 Bg7 5. e4 c6 6. Qd2 b5 7. a3 Qa5 8. Bd3
Bg4 9. O-O-O Bxf3 10. gxf3 Nh5 11. Be3 e5 12. d5 b4 13. Na2 c5 14. Bc4 Na6
15. Kb1 O-O 16. Bxa6 Qxa6 17. axb4 f5 18. Qd3 c4 19. Qa3 Qb7 20. Rhg1 Rfb8
21. exf5 gxf5 22. Bh6 Kh8 23. Bxg7+ Nxg7 24. Qa5 f4 25. Rg5 Ne8 26. Kc1 Nf6
27. Rf5 Rf8 28. Nc3 Qd7 29. Rg5 Rab8 30. Rdg1 Rg8 31. Rxg8+ Nxg8 32. Ne4 Rc8
33. Qa6 1-0

[Event "O Pohár mìsta Øíèany 2015 - OPEN A"]
[Site "Øíèany"]
[Date "2015.08.22"]
[Round "1.12"]
[White "Stojkovic, Andrea"]
[Black "Kotyk, Vaclav"]
[Result "0-1"]
[WhiteElo "1872"]
[BlackElo "2160"]
[PlyCount "0"]
[EventDate "2015.08.22"]

1. e4 e5 2. Nf3 Nc6 3. Bb5 a6 4. Ba4 Nf6 5. O-O b5 6. Bb3 Bc5 7. c3 d6 8. h3
O-O 9. d3 h6 10. a4 Rb8 11. axb5 axb5 12. Re1 Re8 13. Nbd2 Bb6 14. Nf1 Na5
15. Bc2 c5 16. d4 exd4 17. cxd4 Nc6 18. d5 Ne5 19. Nxe5 dxe5 20. Re3 c4 21. Rg3
Kh7 22. Be3 Bxe3 23. Rxe3 Qb6 24. Ng3 Bd7 25. Rea3 Qd6 26. Ra7 Rb6 27. Nh5 Nxh5
28. Qxh5 g6 29. Qf3 Kg7 30. Qe3 Reb8 31. b4 cxb3 32. Bxb3 R8b7 33. Qc3 b4
34. Qe3 Bb5 35. Qc1 Qd7 36. Ra8 Rc7 37. Qb2 Rc3 38. d6 Qxd6 39. Bd5 Bc4 40. Rc8
Bxd5 41. Rxc3 bxc3 42. Qxc3 Bxe4 43. Re1 Rb1 44. Qe3 Qd4 45. Kh2 Rxe1 46. Qxe1
Bd5 0-1

[Event "O Pohár mìsta Øíèany 2015 - OPEN A"]
[Site "Øíèany"]
[Date "2015.08.22"]
[Round "1.13"]
[White "Marikova, Jana"]
[Black "Paulovic, Milan"]
[Result "1-0"]
[WhiteElo "2148"]
[BlackElo "1871"]
[PlyCount "0"]
[EventDate "2015.08.22"]

1. d4 Nf6 2. c4 e5 3. dxe5 Ng4 4. Bf4 Nc6 5. Nf3 Bb4+ 6. Nbd2 O-O 7. h3 Nh6
8. e3 Kh8 9. Bd3 Ng8 10. a3 Be7 11. O-O g5 12. Bg3 h5 13. Nd4 1-0

[Event "O Pohár mìsta Øíèany 2015 - OPEN A"]
[Site "Øíèany"]
[Date "2015.08.22"]
[Round "1.14"]
[White "Rastocny, Josef"]
[Black "Hrdina, Robin"]
[Result "0-1"]
[WhiteElo "1860"]
[BlackElo "2144"]
[PlyCount "0"]
[EventDate "2015.08.22"]

1. d4 Nf6 2. c4 e6 3. Nf3 b6 4. Bg5 h6 5. Bh4 Be7 6. e3 Bb7 7. Nc3 O-O 8. Be2
d6 9. Bxf6 Bxf6 10. O-O Nd7 11. Qc2 Re8 12. Rac1 g6 13. Rfd1 Bg7 14. Na4 c5
15. dxc5 dxc5 16. Nc3 Qe7 17. Nb5 Red8 18. Ne1 Bc6 19. Bf3 Ne5 20. Bxc6 Nxc6
21. a3 Qf6 22. b3 a6 23. Nd6 Qb2 24. a4 Qxc2 25. Nxc2 Na5 26. Na1 f5 27. Rd3 Nb7
28. Rcd1 Rxd6 29. Rxd6 Nxd6 30. Rxd6 Bxa1 31. Rxe6 Rb8 32. Rxg6+ Kf7 33. Rxh6
Bf6 34. Rh7+ Bg7 35. g4 fxg4 36. Rh5 Rd8 37. Rf5+ Kg6 38. e4 Rd3 39. Rd5 Rxb3
40. a5 bxa5 41. Rxc5 a4 42. Rc6+ Kg5 43. Rxa6 a3 44. c5 Kf4 45. Kg2 Bd4 46. c6
Rb2 47. c7 Rxf2+ 48. Kg1 Rc2+ 49. Kf1 Rxc7 50. Rxa3 Rc2 51. Ra4 Kf3 0-1

[Event "O Pohár mìsta Øíèany 2015 - OPEN A"]
[Site "Øíèany"]
[Date "2015.08.22"]
[Round "1.15"]
[White "Korsa, Jindrich"]
[Black "Kindl, Frantisek"]
[Result "1/2-1/2"]
[WhiteElo "2138"]
[BlackElo "1847"]
[PlyCount "0"]
[EventDate "2015.08.22"]

1. e4 c5 2. Nc3 Nc6 3. g4 d6 4. Bg2 h6 5. d3 Nf6 6. h3 e6 7. Nge2 Be7 8. Ng3
Bd7 9. O-O O-O 10. f4 Nh7 11. f5 Rb8 12. Bf4 Qb6 13. Qd2 a6 14. Nh5 Kh8 15. f6
Nxf6 16. Nxf6 Bxf6 17. Bxd6 Qxb2 18. Ne2 Nb4 19. Rab1 Qxa2 20. Bxc5 Rfe8
21. Qxb4 Qxc2 22. Bd6 Qxe2 23. Rbe1 Qxd3 24. Bxb8 Rxb8 25. e5 Bh4 26. Rd1 Qe3+
27. Kh1 Bc6 28. Bxc6 Qxh3+ 29. Kg1 Qe3+ 1/2-1/2

[Event "O Pohár mìsta Øíèany 2015 - OPEN A"]
[Site "Øíèany"]
[Date "2015.08.22"]
[Round "1.16"]
[White "Korsa, Jiri"]
[Black "Skalicky, Tomas"]
[Result "1/2-1/2"]
[WhiteElo "1844"]
[BlackElo "2119"]
[PlyCount "0"]
[EventDate "2015.08.22"]


1. e4 d6 2. Nc3 Nf6 3. h3 e5 4. d3 Nc6 5. g4 Be6 6. Bg2 h6 7. Nd5 Be7 8. Ne2
Qd7 9. O-O h5 10. g5 Nh7 11. h4 O-O-O 12. f4 exf4 13. Nexf4 Bg4 14. Qe1 Nf8
15. Bd2 Ne6 16. Nxe7+ Nxe7 17. Nd5 Rdf8 18. Qe3 Kb8 19. Bc3 Ng6 20. Qg3 Rhg8
21. Ne3 f6 22. Nxg4 hxg4 23. Qxg4 fxg5 24. Bh3 Re8 25. Qxg5 Ne5 26. Bxe5 1/2-1/2

[Event "O Pohár mìsta Øíèany 2015 - OPEN A"]
[Site "Øíèany"]
[Date "2015.08.22"]
[Round "1.17"]
[White "Kubikova, Hana"]
[Black "Helebrand, Frantisek"]
[Result "1/2-1/2"]
[WhiteElo "2107"]
[BlackElo "1841"]
[PlyCount "0"]
[EventDate "2015.08.22"]

1. d4 d5 2. Nf3 Nf6 3. c4 e6 4. Bg5 Be7 5. Nc3 O-O 6. e3 h6 7. Bh4 Nbd7 8. cxd5
exd5 9. Bd3 c6 10. Qc2 Ne8 11. Bg3 Ndf6 12. h3 Bd6 13. Be5 Qe7 14. O-O Nd7
15. Bxd6 Nxd6 16. Rab1 Nb6 17. b3 Qf6 18. Ne5 Nd7 19. f4 Re8 20. Rf3 Nf8
21. Rbf1 Bf5 22. g4 Bxd3 23. Qxd3 Ne6 24. Kh2 Qh4 25. Rg3 Rac8 26. Rfg1 b5
27. b4 Nc4 28. g5 Nxe5 29. dxe5 hxg5 30. f5 Nf8 31. Rxg5 Qh6 32. Qd4 Rc7
33. Rxg7+ Qxg7 34. Rxg7+ Kxg7 35. e6+ Kg8 36. Qg4+ Kh8 37. Qd4+ Kg8 38. Qg4+ Kh8
39. Qh5+ Kg7 40. Qg5+ Kh8 41. Qh5+ Kg7 42. Qg5+ Kh8 43. Qf6+ Kg8 44. Qg5+ Kh8
1/2-1/2

[Event "O Pohár mìsta Øíèany 2015 - OPEN A"]
[Site "Øíèany"]
[Date "2015.08.22"]
[Round "1.18"]
[White "Halla, Jiri"]
[Black "Krivanek, Vladimir"]
[Result "0-1"]
[WhiteElo "1839"]
[BlackElo "2105"]
[PlyCount "0"]
[EventDate "2015.08.22"]

1. b3 d5 2. Bb2 Nf6 3. e3 Nc6 4. f4 Bg4 5. Be2 Bxe2 6. Qxe2 e6 7. Nf3 Bd6
8. O-O Qe7 9. Ne5 Bxe5 10. fxe5 Nd7 11. d4 O-O-O 12. Nd2 f6 13. Nf3 fxe5
14. dxe5 g5 15. c4 g4 16. Nd4 Ncxe5 17. cxd5 exd5 18. Rac1 Rhg8 19. Nb5 c5
20. b4 c4 21. Bd4 a6 22. Na7+ Kb8 23. b5 Nf3+ 24. Rxf3 gxf3 25. Qxf3 Ne5 26. Qf4
Ka8 27. bxa6 Nd3 28. Rb1 Nxf4 29. axb7+ Qxb7 30. Rxb7 Rxg2+ 31. Kh1 Kxb7
32. exf4 Rxa2 0-1

[Event "O Pohár mìsta Øíèany 2015 - OPEN A"]
[Site "Øíèany"]
[Date "2015.08.22"]
[Round "1.19"]
[White "Rut, Vojtech"]
[Black "Nova, Michaela"]
[Result "1-0"]
[WhiteElo "2090"]
[BlackElo "1828"]
[PlyCount "0"]
[EventDate "2015.08.22"]

1. d4 Nf6 2. Bg5 g6 3. Bxf6 exf6 4. e3 Bg7 5. g3 d5 6. Bg2 O-O 7. Ne2 c6 8. h3
Nd7 9. O-O Re8 10. Nd2 b6 11. c4 Bb7 12. cxd5 cxd5 13. Nc3 Nf8 14. Qb3 Qd7
15. Nxd5 Rac8 16. Nf4 h5 17. h4 g5 18. hxg5 Bxg2 19. Kxg2 h4 20. g6 Ne6
21. gxf7+ Qxf7 22. Nxe6 Rxe6 23. Rae1 hxg3 24. fxg3 Bh6 25. Nf3 Rce8 26. e4 Kg7
27. Nh4 Bg5 28. Nf5+ Kg6 29. Qf3 Qc7 30. Rh1 Rxe4 31. Qh5+ Kxf5 32. Rhf1+ 1-0

[Event "O Pohár mìsta Øíèany 2015 - OPEN A"]
[Site "Øíèany"]
[Date "2015.08.22"]
[Round "1.20"]
[White "Novotny, Petr"]
[Black "Pycha, Patrik"]
[Result "0-1"]
[WhiteElo "1826"]
[BlackElo "2075"]
[PlyCount "0"]
[EventDate "2015.08.22"]

1. e4 e6 2. d4 d5 3. Nd2 Nf6 4. e5 Nfd7 5. Bd3 c5 6. c3 Nc6 7. Ne2 cxd4 8. cxd4
f6 9. f4 fxe5 10. fxe5 Nxd4 11. O-O Qb6 12. Kh1 Nxe5 13. Qa4+ Bd7 14. Qxd4 Qxd4
15. Nxd4 Nxd3 16. N2b3 Bd6 17. Rf3 Rf8 0-1

[Event "O Pohár mìsta Øíèany 2015 - OPEN A"]
[Site "Øíèany"]
[Date "2015.08.22"]
[Round "1.21"]
[White "Hollan, Petr"]
[Black "Havelka, Petr"]
[Result "1-0"]
[WhiteElo "2070"]
[BlackElo "1817"]
[PlyCount "0"]
[EventDate "2015.08.22"]

1. e4 d5 2. exd5 Qxd5 3. Nc3 Qd8 4. Nf3 Nf6 5. Bc4 Bf5 6. O-O e6 7. d4 c6
8. Qe2 Be7 9. Rd1 O-O 10. Ne5 h6 11. g4 Bh7 12. f4 Nbd7 13. Be3 Nb6 14. Bd3 Bxd3
15. Rxd3 Nbd5 16. Nxd5 cxd5 17. Kh1 Ne4 18. Rg1 f5 19. Qg2 Bf6 20. gxf5 exf5
21. Qg6 Qc7 22. c3 Kh8 23. Qh5 Bxe5 24. dxe5 Rad8 25. Bd4 Qf7 26. Qe2 Qe6
27. Rh3 Kh7 28. Rf3 Rf7 29. Qg2 Rc8 30. h4 Rc6 31. Qh3 Re7 32. h5 Qf7 33. Rg2 a6
34. Rf1 Qf8 35. Rfg1 Rce6 36. Rg6 Kh8 37. Qg2 Kh7 38. Kh2 Kh8 39. Qf1 Qc8
40. Qh3 Qf8 41. R1g2 Kh7 42. Qf3 Qc8 43. Qd1 Qc6 44. Qg1 Qc7 45. Qf1 Kh8 46. Rg1
Kh7 47. Qh3 Rxg6 48. Rxg6 Qd7 49. e6 Qb5 50. Qxf5 Kg8 51. Bxg7 Rxg7 52. Qf7+ 1-0

[Event "O Pohár mìsta Øíèany 2015 - OPEN A"]
[Site "Øíèany"]
[Date "2015.08.22"]
[Round "1.22"]
[White "Stork, Rostislav"]
[Black "Hanl, Frantisek"]
[Result "0-1"]
[WhiteElo "1812"]
[BlackElo "2052"]
[PlyCount "0"]
[EventDate "2015.08.22"]

1. e4 c6 2. d4 d5 3. exd5 cxd5 4. c4 Nf6 5. Nc3 e6 6. Nf3 Nc6 7. c5 b6 8. b4
bxc5 9. bxc5 Ne4 10. Bb5 Bd7 11. Bb2 Qa5 12. Bxc6 Bxc6 13. Qb3 Be7 14. Ne5 Nxc3
15. Bxc3 Qa6 16. Nxc6 Qxc6 17. O-O O-O 18. Rab1 Bf6 19. Qb5 Qc7 20. Qb7 Qf4
21. g3 Qf3 22. c6 Qxc3 23. c7 Rac8 24. Rfc1 Qd2 25. Rd1 Qa5 26. Rdc1 h5 27. Qxc8
Rxc8 28. Rb8 Qa6 29. Rcb1 Kh7 30. R1b7 Rxc7 31. Rxc7 Bxd4 0-1

[Event "O Pohár mìsta Øíèany 2015 - OPEN A"]
[Site "Øíèany"]
[Date "2015.08.22"]
[Round "1.23"]
[White "Skacel, Jan"]
[Black "Danhel, Lukas"]
[Result "1/2-1/2"]
[WhiteElo "2051"]
[BlackElo "1807"]
[PlyCount "0"]
[EventDate "2015.08.22"]

1. c4 c5 2. Nf3 Nc6 3. g3 g6 4. Bg2 Bg7 5. O-O e6 6. Nc3 Nge7 7. d3 O-O 8. Bd2
d5 9. Rb1 b6 10. a3 Bb7 11. b4 cxb4 12. axb4 dxc4 13. dxc4 Qd7 14. Qa4 Rad8
15. Rfd1 Qc8 16. Nb5 a6 17. Na3 Nd4 18. Nxd4 Bxd4 19. Bg5 Qc7 20. Bxb7 Qxb7
21. Nc2 1/2-1/2

[Event "O Pohár mìsta Øíèany 2015 - OPEN A"]
[Site "Øíèany"]
[Date "2015.08.22"]
[Round "1.24"]
[White "Civin, Dominik"]
[Black "Hadzala, Daniel"]
[Result "0-1"]
[WhiteElo "1793"]
[BlackElo "2045"]
[PlyCount "0"]
[EventDate "2015.08.22"]

1. c4 Nf6 2. Nc3 d6 3. g3 g6 4. Bg2 Bg7 5. d3 e5 6. e4 c6 7. Nge2 h5 8. Bg5 Qc7
9. Qd2 Nbd7 10. a4 Nc5 11. Qc2 Qb6 12. Rd1 Be6 13. O-O Nb3 14. Be3 Nd4 15. Bxd4
exd4 16. a5 Qc5 17. Na4 Qe5 18. b4 h4 19. Rb1 hxg3 20. Nxg3 Nh5 21. b5 c5 22. a6
b6 23. Qd2 Nf4 24. Qc2 Nxg2 25. Kxg2 Bh3+ 26. Kg1 Bxf1 27. Rxf1 Bh6 28. f3 Bf4
29. Qg2 Kd7 30. Nb2 Rh4 31. Nd1 Rah8 32. Ne2 Bxh2+ 0-1

[Event "O Pohár mìsta Øíèany 2015 - OPEN A"]
[Site "Øíèany"]
[Date "2015.08.22"]
[Round "1.25"]
[White "Voracek, Zdenek"]
[Black "Sedivy, Ondrej"]
[Result "0-1"]
[WhiteElo "2026"]
[BlackElo "1791"]
[PlyCount "0"]
[EventDate "2015.08.22"]

1. d4 d5 2. c4 c6 3. Nf3 Nf6 4. e3 e6 5. b3 Nbd7 6. Bd3 Bd6 7. Bb2 O-O 8. Nbd2
Re8 9. O-O e5 10. e4 exd4 11. cxd5 cxd5 12. exd5 Nxd5 13. Nc4 N7f6 14. Bxd4 Bg4
15. h3 Bh5 16. Bxf6 Qxf6 17. g4 Nc3 18. Bxh7+ Kxh7 19. Qxd6 Qxf3 20. gxh5 Ne2+
21. Kh2 Nf4 22. Ne3 Rxe3 0-1

[Event "O Pohár mìsta Øíèany 2015 - OPEN A"]
[Site "Øíèany"]
[Date "2015.08.22"]
[Round "1.26"]
[White "Skvaril, Michal"]
[Black "Horak, Martin"]
[Result "0-1"]
[WhiteElo "1785"]
[BlackElo "2019"]
[PlyCount "0"]
[EventDate "2015.08.22"]

1. e4 d5 2. exd5 Nf6 3. Nc3 Nxd5 4. d4 g6 5. Nf3 Bg7 6. Bc4 Nb6 7. Bb3 O-O
8. Be3 Nc6 9. Qd2 Na5 10. O-O-O Nbc4 11. Qe2 Nxb3+ 12. axb3 Nxe3 13. Qxe3 c6
14. Rhe1 e6 15. h4 a5 16. g4 b5 17. h5 a4 18. hxg6 hxg6 19. Rh1 axb3 20. cxb3
Qc7 21. Ne4 Rd8 22. g5 Qe7 23. Qf4 Ra1+ 24. Kc2 Rxd1 25. Rxd1 e5 26. dxe5 Bf5
27. Rxd8+ Qxd8 28. Nh4 Bxe4+ 29. Qxe4 Qxg5 30. Nf3 Qg2 31. Qe3 Qg4 32. Nd4 c5
33. Nc6 c4 34. Nd4 Bh6 35. Qxh6 Qxd4 36. Qe3 Qxe3 37. fxe3 g5 38. bxc4 bxc4
39. Kd2 Kg7 40. e4 Kg6 41. Ke3 Kh5 0-1